UM Logo

Facilitators of online hotel booking through third party aggregators : (Record no. 21042)

MARC details
000 -LEADER
fixed length control field 00959nam a22002297a 4500
003 - CONTROL NUMBER IDENTIFIER
control field OSt
005 - DATE AND TIME OF LATEST TRANSACTION
control field 20250918102016.0
008 - FIXED-LENGTH DATA ELEMENTS--GENERAL INFORMATION
fixed length control field 240829b ||||| |||| 00| 0 eng d
040 ## - CATALOGING SOURCE
Transcribing agency 0
082 ## - DEWEY DECIMAL CLASSIFICATION NUMBER
Classification number DPer 647.94068 In821 2022 v. 23 n. 1-4
100 ## - MAIN ENTRY--PERSONAL NAME
Personal name Shukla, Amit.
Relator term author.
9 (RLIN) 59395
245 ## - TITLE STATEMENT
Title Facilitators of online hotel booking through third party aggregators :
Remainder of title measurement and validation in the Indian context /
Statement of responsibility, etc. Amit Shukla and Rohan Hermith Rodrigues.
260 ## - PUBLICATION, DISTRIBUTION, ETC. (IMPRINT)
Place of publication, distribution, etc. United Kingdom ;
Name of publisher, distributor, etc. Taylor & Francis Group, LLC ,
Date of publication, distribution, etc. 2022.
300 ## - PHYSICAL DESCRIPTION
Extent Volume 23, pages 723-753 :
Other physical details illustration ;
Dimensions 26 cm.
500 ## - GENERAL NOTE
General note International Journal of Hospitality & Tourism Administration, vol. 23, no. 4, pages 723-753, 2022.
650 #0 - SUBJECT ADDED ENTRY--TOPICAL TERM
Topical term or geographic name as entry element Online hotel booking.
9 (RLIN) 67754
650 #0 - SUBJECT ADDED ENTRY--TOPICAL TERM
Topical term or geographic name as entry element Mediation.
9 (RLIN) 67755
650 #0 - SUBJECT ADDED ENTRY--TOPICAL TERM
Topical term or geographic name as entry element Scale development.
9 (RLIN) 66814
700 ## - ADDED ENTRY--PERSONAL NAME
Personal name Shukla, Amit.
Relator term author.
9 (RLIN) 59395
700 ## - ADDED ENTRY--PERSONAL NAME
Personal name Rodrigues, Rohan Hermith.
Relator term author.
9 (RLIN) 59396
942 ## - ADDED ENTRY ELEMENTS (KOHA)
Source of classification or shelving scheme Dewey Decimal Classification
Koha item type Periodicals
Holdings
Withdrawn status Lost status Source of classification or shelving scheme Damaged status Not for loan Collection code Home library Current library Date acquired Total Checkouts Full call number Date last seen Price effective from Koha item type Public note
    Dewey Decimal Classification     Periodicals UM Digos College - LIC UM Digos College - LIC 08/29/2024   DPer 647.94068 In821 2022 v. 23 n. 1-4 08/29/2024 08/29/2024 Periodicals Periodical Article